| 000 | 00434nam a22001457a 4500 | ||
|---|---|---|---|
| 020 | _qPB. | ||
| 040 | _cFIZZA ISHAQ | ||
| 082 |
_a692 _bJOH |
||
| 100 |
_aSchaufelberger, John E. _9133448 |
||
| 245 |
_aManagement of Construction Projects: A Constructor's Perspective / _c John E. Schaufelberger |
||
| 250 | _a2ND ED. | ||
| 260 |
_aLONDON: _b Routledge, _c2017. |
||
| 300 |
_a304 P. ; _c7.44 x 0.73 x 9.69 inches |
||
| 942 |
_2ddc _cBK |
||
| 999 |
_c616400 _d616400 |
||